Welcome to CU Library Online Public Access Catalogue (OPAC)

Industrial relations, trade unions, and labour legislation (Record no. 5175)

MARC details
000 -LEADER
fixed length control field 00529nam a22001817a 4500
005 - DATE AND TIME OF LATEST TRANSACTION
control field 20250325105351.0
008 - FIXED-LENGTH DATA ELEMENTS--GENERAL INFORMATION
fixed length control field 250325b |||||||| |||| 00| 0 eng d
020 ## - INTERNATIONAL STANDARD BOOK NUMBER
International Standard Book Number 9788177588132
050 ## - LIBRARY OF CONGRESS CALL NUMBER
Classification number HD6960
Item number SIN
100 ## - MAIN ENTRY--PERSONAL NAME
Personal name Sinha, P. R. N.
245 ## - TITLE STATEMENT
Title Industrial relations, trade unions, and labour legislation
260 ## - PUBLICATION, DISTRIBUTION, ETC.
Place of publication, distribution, etc. New Delhi
Name of publisher, distributor, etc. Dorling Kindersley Pvt, Ltd
Date of publication, distribution, etc. c2006
300 ## - PHYSICAL DESCRIPTION
Extent xx,
500 ## - GENERAL NOTE
General note includes subject index
700 ## - ADDED ENTRY--PERSONAL NAME
Personal name Sinha, Indu Bala
700 ## - ADDED ENTRY--PERSONAL NAME
Personal name Shekhar, Priyadarshini Seema
942 ## - ADDED ENTRY ELEMENTS (KOHA)
Source of classification or shelving scheme Library of Congress Classification
Koha item type Books
Suppress in OPAC No
999 ## -
-- 5175
-- 5175
Holdings
Withdrawn status Lost status Source of classification or shelving scheme Damaged status Not for loan Collection Home library Current library Shelving location Date acquired Total checkouts Full call number Barcode Date last seen Copy number Price effective from Koha item type
    Library of Congress Classification     Non-fiction Undergraduate Library (Christ Temple) Undergraduate Library (Christ Temple) General stacks 03/25/2025   HD6960 SIN ulct00001939 03/25/2025 1 03/25/2025 Books
© 2023-2024 Copyright: Central University Libraries. All Rights Reserved | Created by: Mahone Tech Office